[Event "XXIX Open A"]
[Site "Zalakaros HUN"]
[Date "2010.05.28"]
[Round "3"]
[White "Vukovic,Ivo"]
[Black "Bea,B"]
[Result "1-0"]
[WhiteElo "2229"]
[BlackElo "2055"]

1.Nf3 d5 2.g3 Nf6 3.Bg2 g6 4.b3 Bg7 5.Bb2 O-O 6.O-O c6 7.d3 Bf5 8.Nbd2 a5
9.a3 Qc8 10.Re1 Bh3 11.Bh1 h6 12.c4 Nbd7 13.Rc1 Qd8 14.Qc2 Rc8 15.Qb1 Qb6
16.cxd5 cxd5 17.Bd4 Qd6 18.Qb2 Rfe8 19.Ne5 Nc5 20.Qa1 Rc7 21.Nef3 Ncd7 22.Rxc7 Qxc7
23.Rc1 Qd6 24.Ne5 Nf8 25.Bb2 Ne6 26.Nef3 Qb6 27.Bg2 Bxg2 28.Kxg2 Rd8 29.h3 Kh7
30.Be5 Nd7 31.Bxg7 Nxg7 32.Qc3 Ne6 33.b4 Nf6 34.d4 Ne4 35.Qd3 f5 36.e3 Ng7
37.Ne5 Nh5 38.Rc2 Kg7 39.Qe2 Nhf6 40.Qd3 Nd7 41.Ndf3 Ndf6 42.a4 g5 43.Qb5 Rd6
44.Qd3 Rd8 45.Rc1 g4 46.Ng1 Ne8 47.Ne2 Rd6 48.Nf4 Nc7 49.Qc2 Ne6 50.Qc8 Nxf4+
51.gxf4 Nxf2 52.Rc7 Re6 53.Rxb7 Qd6 54.Rb8  1-0

[Event "2nd SCS Open"]
[Site "Bhubaneswar IND"]
[Date "2010.05.29"]
[Round "10"]
[White "Tiwari,Ar"]
[Black "Anwesh,U"]
[Result "0-1"]
[WhiteElo "2274"]
[BlackElo "2419"]

1.Nf3 d5 2.g3 Nc6 3.Bg2 e5 4.d3 Nf6 5.O-O Bc5 6.c3 a5 7.d4 Bd6 8.dxe5 Nxe5
9.Nxe5 Bxe5 10.Bg5 c6 11.e4 dxe4 12.Nd2 h6 13.Bxf6 Bxf6 14.Nxe4 Be7 15.Qe2 O-O
16.Rad1 Qc7 17.f4 Bf5 18.Kh1 Rfe8 19.Qh5 Qc8 20.Nd6 Bxd6 21.Rxd6 Bg4 22.Qc5 Re2
23.f5 Rxb2 24.a4 Qe8 25.h3 Qe2 26.Qg1 Qe5 27.Rd3 Be2 28.Re1 Qxf5 29.Re3 Bc4
30.Re8+ Rxe8 31.Rxe8+ Kh7 32.g4 Qd7 33.Qe1 Bd3 34.Re7 Qd6 35.Be4+ f5 36.Bg2 Rb1  0-1

[Event "2nd SCS Open"]
[Site "Bhubaneswar IND"]
[Date "2010.05.30"]
[Round "11"]
[White "Vorobiov,E"]
[Black "Shreyansh,D"]
[Result "1-0"]
[WhiteElo "2612"]
[BlackElo "2287"]

1.Nf3 d5 2.g3 c5 3.Bg2 Nf6 4.O-O Nc6 5.d4 e6 6.c4 Be7 7.cxd5 exd5 8.Nc3 h6
9.dxc5 Bxc5 10.a3 a6 11.b4 Bb6 12.Bb2 Be6 13.Rc1 O-O 14.Na4 Ba7 15.Nd4 Nxd4
16.Bxd4 Bd7 17.Nc3 Bc6 18.Bxf6 Qxf6 19.Nxd5 Qe5 20.Nf4 Bxg2 21.Kxg2 Rad8
22.Qc2 g5 23.Nd3 Qe4+ 24.Kg1 Rfe8 25.Rfe1 Rd6 26.Qb3 Qf5 27.Nc5 Rd2 28.Qf3 Qxf3
29.exf3 Rxe1+ 30.Rxe1 Bxc5 31.bxc5 Rc2 32.Rb1 Rxc5 33.Rxb7 Rc3 34.a4 Rc4
35.Rb6 Rxa4 36.Rxh6 Kg7 37.Rc6 Ra2 38.Rc4 Kg6 39.h3 f5 40.f4 gxf4 41.Rxf4 a5
42.Kg2 a4 43.Rb4 Ra3 44.Rb6+ Kf7 45.Ra6 Kg7 46.g4 fxg4 47.hxg4 Kf7 48.f3 Ra1
49.f4 a3 50.g5 a2 51.f5 Kg7 52.Ra7+ Kf8 53.g6 Rb1 54.Rxa2 Rb5 55.Ra8+ Kg7
56.Ra7+ Kg8 57.Rf7 Rb3 58.f6 Rb5 59.Kh3 Rg5 60.Rg7+ Kf8 61.Kh4 Rg1 62.Rf7+ Kg8
63.Kh5 Rh1+ 64.Kg5 Rg1+ 65.Kf5 Rf1+ 66.Ke6 Re1+ 67.Kd6 Rd1+ 68.Ke7 Re1+ 69.Kd8 Rg1
70.Rd7 Rf1 71.Rg7+ Kf8 72.Rf7+ Kg8 73.Ke8  1-0

[Event "Six Seasons WIM"]
[Site "Narayanganj BAN"]
[Date "2010.05.30"]
[Round "12"]
[White "Enkhtuul,A"]
[Black "Shamima,A"]
[Result "1-0"]
[WhiteElo "2133"]
[BlackElo "2122"]

1.Nf3 d5 2.g3 Nf6 3.Bg2 Bf5 4.d4 c6 5.O-O Nbd7 6.c3 h6 7.Re1 e6 8.Nbd2 Be7
9.a3 O-O 10.c4 a5 11.e3 Qc7 12.Qe2 Bh7 13.h3 Rfe8 14.cxd5 exd5 15.b3 Bd6
16.Bb2 Re7 17.Rec1 Rae8 18.Nf1 Ne4 19.N3d2 Ndf6 20.Nxe4 Bxe4 21.Qe1 Qd7 22.Nd2 Bf5
23.Qf1 Bb8 24.Nf3 Ne4 25.Ne5 Qc7 26.g4 Bh7 27.f3 f6 28.fxe4 fxe5 29.dxe5 Rf7
30.Qe1 dxe4 31.Qg3 Qb6 32.Bd4 Qxb3 33.Bf1 b5 34.Rc5 Rf3 35.Qh2 Rxe3 36.Bxe3 Bxe5
37.Qa2  1-0

[Event "14th Chicago Open"]
[Site "Wheeling USA"]
[Date "2010.05.30"]
[Round "7"]
[White "Young,An"]
[Black "Amanov,M"]
[Result "1/2-1/2"]
[WhiteElo "2353"]
[BlackElo "2479"]

1.Nf3 d5 2.g3 c5 3.Bg2 Nf6 4.O-O Nc6 5.d4 e6 6.b3 Bd7 7.Bb2 Rc8 8.Nbd2 cxd4
9.Nxd4 Bc5 10.Nxc6 Bxc6 11.Nf3 O-O 12.Ne5 Bb5 13.Rc1 Qe7 14.c4 dxc4 15.bxc4 Ba6
16.Qa4 Rfd8 17.Rc2 Nd7 18.Nxd7 Rxd7 19.e3 h6 20.Qb3 Rcd8 21.Bf3 Bb4 22.Bd4 b6
23.Qa4 Bb7 24.Bxb7 Rxb7 25.Qb5 Rc7 26.Qe5 f6 27.Qe4 Rdc8 28.Rfc1 Kf7 29.Bb2 Qd6
30.Qf3 a6 31.Qh5+ Kg8 32.Qg6 e5 33.Qe4 b5 34.a3 Ba5 35.c5 Qc6 36.Qd3 Rd7
37.Qb3+ Kh8 38.Bc3 Bd8 39.Rd2 Rxd2 40.Bxd2 Be7 41.Bb4 Rd8 42.Qf7 Qc7 43.Qe6 Rd6
44.cxd6 Qxc1+ 45.Kg2 Qc6+ 46.Kf1 Bd8 47.Qf7 Kh7 48.d7 a5 49.Bf8 Qc4+ 50.Qxc4 bxc4
51.Ke2 Kg8 52.Bc5 Kf7 53.Kd2 Ke6 54.e4 h5 55.Kc3 Kxd7 56.Kxc4 Kc6 57.f3 g6
58.g4 hxg4 59.fxg4 a4 60.h3 f5 61.gxf5 gxf5 62.exf5 e4 63.Be3 Be7 64.Bc1 Bf6
65.h4 Bxh4 66.Kd4 Kb5 67.Kxe4 Kc4 68.Ke5 Kb3 69.Ke6 Bd8 70.f6 Bxf6 71.Kxf6 Kc4
72.Ke6 Kc5 73.Kd7 Kb6 74.Be3+ Kb7 75.Kd6 Ka8 76.Kc6 Kb8  1/2-1/2

[Event "XXIX Open A"]
[Site "Zalakaros HUN"]
[Date "2010.05.30"]
[Round "5"]
[White "Berczes,C"]
[Black "Banusz,T"]
[Result "1-0"]
[WhiteElo "2397"]
[BlackElo "2524"]

1.Nf3 d5 2.g3 Bg4 3.Bg2 Nd7 4.c4 e6 5.cxd5 exd5 6.O-O Ngf6 7.d3 Bc5 8.Qb3 Bb6
9.Nc3 c6 10.Na4 O-O 11.Nxb6 axb6 12.Qc2 Re8 13.e3 Qe7 14.Bd2 Nf8 15.h3 Bf5
16.Nh4 Bd7 17.a3 Ng6 18.Nf3 h6 19.Nh2 h5 20.Rae1 Bf5 21.f3 Qd7 22.g4 Be6
23.e4 dxe4 24.dxe4 hxg4 25.hxg4 Bc4 26.Rf2 b5 27.g5 Nh5 28.f4 Nh4 29.Qd1 Ng3
30.Re3 Nhf5 31.Qg4 Qd4 32.Rxg3 Nxg3 33.Qxg3 Qxb2 34.Ng4 Rxa3 35.Bf3 Rxf3
36.Qxf3 Qb1+ 37.Kh2 Qxe4 38.Qxe4 Rxe4 39.Kg3 c5 40.f5 b4 41.Be3 b6 42.Rd2 b3
43.Rd8+ Kh7 44.Rd6 Bb5 45.Bc1 c4 46.Bb2 Kg8 47.Rxb6 Bd7 48.Rb7 Bxf5 49.Nh6+ gxh6
50.Rb8+ Kh7 51.Rh8+ Kg6 52.Rxh6+  1-0

[Event "XXIX Open A"]
[Site "Zalakaros HUN"]
[Date "2010.05.31"]
[Round "6"]
[White "Vukovic,Ivo"]
[Black "Vajda,S"]
[Result "1-0"]
[WhiteElo "2229"]
[BlackElo "2363"]

1.Nf3 d5 2.g3 c6 3.Bg2 Bg4 4.b3 Nd7 5.Bb2 Ngf6 6.d3 e6 7.O-O Bd6 8.Nbd2 O-O
9.c4 a5 10.a3 Re8 11.Qc2 e5 12.e4 dxe4 13.Nxe4 Nxe4 14.dxe4 Bc5 15.Nh4 Qb6
16.h3 Bh5 17.Bc3 Bd4 18.Nf5 Rad8 19.b4 axb4 20.axb4 c5 21.Rab1 Qc7 22.bxc5 Nxc5
23.Rb5 Bxc3 24.Qxc3 Bg6 25.Qb4 Rc8 26.Ne3 Nxe4 27.Rxb7 Qc5 28.Qxc5 Nxc5 29.Ra7 e4
30.Rd1 Ra8 31.Rda1 Rxa7 32.Rxa7 Rc8 33.h4 f6 34.Bh3 Re8 35.Rc7 Na6 36.Ra7 Nc5
37.Ra5 Nb3 38.Rb5 Nd4 39.Rb7 Ra8 40.Rb1 Bf7 41.c5 Be6 42.Bxe6+ Nxe6 43.c6 Nc7
44.Rb7 Rc8 45.Nf5 Nd5 46.Rd7 Rxc6 47.Rxd5 Rc1+ 48.Kg2 g6 49.Ne3 Rc7 50.Rd6 f5
51.Nd5 Ra7 52.Rc6 Ra2 53.Rc7  1-0

[Event "XXIX Open A"]
[Site "Zalakaros HUN"]
[Date "2010.06.01"]
[Round "7"]
[White "Ianov,V"]
[Black "Berczes,D"]
[Result "0-1"]
[WhiteElo "2375"]
[BlackElo "2519"]

1.Nf3 d5 2.g3 Nf6 3.Bg2 c6 4.O-O Bg4 5.d4 e6 6.Nbd2 Nbd7 7.Re1 Be7 8.c3 O-O
9.e4 Bh5 10.a4 Bg6 11.exd5 cxd5 12.a5 Qc7 13.Ne5 Nxe5 14.Rxe5 b5 15.axb6 axb6
16.Rxa8 Rxa8 17.Re1 b5 18.Qb3 Rb8 19.Bf1 Bd6 20.Nf3 h6 21.Ne5 Bf5 22.Bf4 b4
23.c4 dxc4 24.Bxc4 Rc8 25.Rc1 Qb7 26.f3 Nd5 27.Bxd5 Rxc1+ 28.Bxc1 exd5 29.g4 Bb1
30.Bf4 Qb5 31.Qd1 Bh7 32.Qc1 Qe8 33.Bg3 b3 34.Qc3 Bc2 35.Qa5 Qe6 36.Qd8+ Kh7
37.Kf2 Be7 38.Qc7 Bd6 39.Qd8 Be7 40.Qc7 Bb4 41.Qb7 Bd2 42.Kg2 f6 43.h4 fxe5
44.Bxe5 Qg6 45.Kh3 h5 46.gxh5 Qe6+ 47.Kg2 Bh6 48.Kg3 Qf5 49.Qxd5 Qxh5 50.Qe6 Bc1
51.d5 Bd1 52.Kh2 Qxh4+ 53.Kg2 Qh5 54.d6 Qxf3+ 55.Kh2 Qg4 56.Qxg4 Bxg4 57.Kg3 Be6
58.Kf3 Bf5 59.Ke2 g5 60.Kd1 Bf4  0-1

[Event "XXIX Open A"]
[Site "Zalakaros HUN"]
[Date "2010.06.01"]
[Round "7"]
[White "Molnar,P SVK"]
[Black "Kovacs,Laj2"]
[Result "1-0"]
[WhiteElo "2261"]
[BlackElo "2197"]

1.Nf3 d5 2.g3 Nf6 3.Bg2 c5 4.O-O Nc6 5.d4 e6 6.c4 Be7 7.dxc5 Bxc5 8.a3 dxc4
9.Qxd8+ Kxd8 10.Nbd2 Ke7 11.Nxc4 a5 12.Bf4 Nd5 13.Bd2 b5 14.Rac1 Bd7 15.Nce5 Nxe5
16.Nxe5 Bd4 17.Nxd7 Kxd7 18.Rfd1 Ke7 19.Bg5+ Bf6 20.Bxf6+ gxf6 21.e4 Nb6
22.Rc7+ Kf8 23.e5 Kg7 24.exf6+ Kxf6 25.Bxa8 Rxa8 26.Rb7 Nd5 27.Rxb5 h6 28.Rc1 a4
29.Rc4 Ra6 30.Kf1 Kg6 31.Ke2 f5 32.Kf3 h5 33.h3 Kf6 34.Rb7 Ra8 35.h4 Ra6
36.Ke2 Ke5 37.Rb5 Kf6 38.Kd2 Ra7 39.Rc6 Ne7 40.Rd6 Nc8 41.Rd8 Ne7 42.Rb6 Ng6
43.Rdd6 Nf8 44.Ra6 Rb7 45.Rdb6 Rd7+ 46.Ke3  1-0

[Event "XXIX Open A"]
[Site "Zalakaros HUN"]
[Date "2010.06.01"]
[Round "7"]
[White "Berczes,C"]
[Black "Steiner,B"]
[Result "1-0"]
[WhiteElo "2397"]
[BlackElo "2209"]

1.Nf3 d5 2.g3 c6 3.Bg2 Bg4 4.c4 e6 5.O-O Nd7 6.cxd5 exd5 7.d3 Ngf6 8.Nc3 Bc5
9.Qb3 Qc8 10.e4 dxe4 11.dxe4 O-O 12.Qc2 Bb6 13.h3 Bxf3 14.Bxf3 Nc5 15.Bg2 Ne6
16.Na4 Rd8 17.Nxb6 axb6 18.b3 Nd4 19.Qb2 Qe6 20.Re1 c5 21.f4 h5 22.Bd2 h4
23.e5 Nh5 24.g4 Ng3 25.Be3 g5 26.Bxd4 Rxd4 27.f5 Qe8 28.Qf2 Rad8 29.Qe3 f6
30.exf6 Qxe3+ 31.Rxe3 Rd1+ 32.Rxd1 Rxd1+ 33.Kh2 Rd2 34.Re7 Ne2 35.Bf1 Nd4+
36.Kh1 Kf8 37.Re3 Kf7 38.Bc4+ Kxf6 39.a4 Rd1+ 40.Kg2 Rd2+ 41.Kf1 Rh2 42.Bd5 Rb2
43.Re8 Rb1+ 44.Kf2 Rb2+ 45.Ke1 Rh2 46.Bc4 Rxh3 47.Rf8+ Ke5 48.f6 Nc2+ 49.Kf2 Rh2+
50.Kg1 Rd2 51.f7 Kf4 52.Re8 Kg3 53.f8=Q h3 54.Qf1 b5 55.Re2 h2+ 56.Kh1  1-0

[Event "Mitropa Cup w"]
[Site "Chur SUI"]
[Date "2010.06.02"]
[Round "5"]
[White "Franciskovic,B"]
[Black "Erdos,B"]
[Result "1-0"]
[WhiteElo "2261"]
[BlackElo "2147"]

1.Nf3 d5 2.g3 Nf6 3.Bg2 c6 4.c4 dxc4 5.Na3 Be6 6.Ng5 Bd5 7.e4 h6 8.exd5 hxg5
9.dxc6 Nxc6 10.Nxc4 Qd3 11.Qb3 Qxb3 12.axb3 e6 13.Bxc6+ bxc6 14.d3 g4 15.Be3 c5
16.Ke2 Nd7 17.Ra3 Rh5 18.Rha1 Rd5 19.Rxa7 Rxa7 20.Rxa7 g6 21.Rb7 Be7 22.Bd2  1-0

[Event "II Nezhmetdinov Mem"]
[Site "Kazan RUS"]
[Date "2010.06.02"]
[Round "3"]
[White "Ibraev,V"]
[Black "Baraeva,I"]
[Result "1/2-1/2"]
[WhiteElo "2258"]
[BlackElo "2061"]

1.Nf3 d5 2.g3 c5 3.Bg2 Nf6 4.O-O Nc6 5.d4 Bf5 6.c4 e6 7.cxd5 Nxd5 8.Nc3 Nxc3
9.bxc3 Be7 10.Ba3 O-O 11.Bxc5 Bxc5 12.dxc5 Qa5 13.Nd4 Qxc5 14.Nxc6 bxc6 15.Qd4 Qa5
16.Rfd1 Rad8 17.Qc4 Qb5 18.Qxb5 cxb5 19.Bc6 Rb8 20.Rac1 Rfc8 21.Bf3 Rc7 22.Rd4 Rbc8
23.g4 e5 24.Rd5 e4 25.gxf5 exf3 26.exf3 a6 27.a4 bxa4 28.Ra1 Rxc3 29.Rxa4 Rxf3
30.Rxa6  1/2-1/2

[Event "3rd Mayor's Cup"]
[Site "Mumbai IND"]
[Date "2010.06.03"]
[Round "2"]
[White "Vorobiov,E"]
[Black "Haribalu,V"]
[Result "1/2-1/2"]
[WhiteElo "2612"]
[BlackElo "2238"]

1.Nf3 d5 2.g3 Nc6 3.d4 Bg4 4.Bg2 Qd7 5.c4 e6 6.cxd5 exd5 7.Nc3 Nge7 8.O-O f6
9.b4 Bh3 10.Bxh3 Qxh3 11.Nb5 Qd7 12.Bf4 Rc8 13.Rb1 Nd8 14.a4 a6 15.Nxc7+ Rxc7
16.Bxc7 Qxc7 17.Qd3 Qd7 18.b5 axb5 19.Rxb5 g6 20.Rfb1 Bh6 21.e4 O-O 22.exd5 Nf5
23.Qb3 Nd6 24.Rb6 N8f7 25.Re1 Ra8 26.Re6 Bg7 27.Qb4 Bf8 28.a5 Nc8 29.Rxb7 Qxd5
30.Qb3 Rxa5 31.Qxd5 Rxd5 32.Rxf6 Ncd6 33.Rd7 Rf5 34.Rxf5 Nxf5 35.Ne5 Ng5
36.Kg2 Ne4 37.Nc6 Bg7 38.Ne7+ Nxe7 39.Rxe7 Nd6 40.Rd7 Nf7 41.d5 Kf8 42.f4 Ke8
43.Ra7 Bd4 44.Rb7 Bc5 45.Kf3 Be7 46.h4 h6 47.Kg4 h5+ 48.Kf3 Nd6 49.Rb8+ Kf7
50.Ra8 Nf5 51.Ra6 Bf8 52.Ra7+ Kf6 53.Rd7 Be7 54.g4 hxg4+ 55.Kxg4 Kf7 56.h5 Nh6+
57.Kf3 Ke8 58.Rxe7+ Kxe7 59.hxg6 Kf6 60.Ke4 Nf5  1/2-1/2

[Event "3rd Mayor's Cup"]
[Site "Mumbai IND"]
[Date "2010.06.03"]
[Round "3"]
[White "Kokarev,Dm"]
[Black "Shyam,SM"]
[Result "1-0"]
[WhiteElo "2612"]
[BlackElo "2372"]

1.g3 d5 2.Nf3 g6 3.c4 c6 4.Qa4 dxc4 5.Qxc4 Nf6 6.Nc3 Bg7 7.Bg2 O-O 8.O-O Na6
9.d3 Nc7 10.Qh4 Re8 11.Bh6 e5 12.Rfd1 Bxh6 13.Qxh6 Ng4 14.Qc1 f5 15.e4 Qe7
16.Re1 fxe4 17.Nxe4 Nd5 18.d4 Bf5 19.h3 Bxe4 20.Rxe4 Ngf6 21.Rxe5 Qb4 22.a3 Qb3
23.Qd2 Nd7 24.Ree1 N7f6 25.Ne5 Re7 26.Bf1 Rae8 27.Bc4 Qb6 28.b4 Kg7 29.Kg2 Qc7
30.Rac1 Qd6 31.Qb2 Nd7 32.Re2 N7f6 33.Rce1 a6 34.Bb3 Qc7 35.Qd2 Qd6 36.h4 Nb6
37.Qb2 Nbd5 38.Nc4 Qd7 39.Rxe7+ Rxe7 40.Rxe7+ Qxe7 41.Ne5 Qd6 42.Qe2 Qd8
43.Nd3 Qe8 44.Qe5 b6 45.Bc4 a5 46.b5 Qd7 47.a4 cxb5 48.Bxb5 Qb7 49.Kg1 Qc7
50.Nf4 Qe7 51.Bc4  1-0

[Event "AES Dominicana"]
[Site "Santo Domingo DOM"]
[Date "2010.06.03"]
[Round "2"]
[White "Duarte,Mart"]
[Black "Estrada Nieto,J"]
[Result "1/2-1/2"]
[WhiteElo "2181"]
[BlackElo "2304"]

1.Nf3 d5 2.g3 Nf6 3.Bg2 c6 4.d4 Bg4 5.Ne5 Bf5 6.Nd2 Nbd7 7.Ndf3 e6 8.O-O h6
9.c4 Be7 10.Qb3 Qb6 11.c5 Qxb3 12.axb3 Nxe5 13.Nxe5 Nd7 14.Nxd7 Kxd7 15.Bd2 Bf6
16.Bc3 a6 17.f3 Bc2 18.Ra3 Rae8 19.Rc1 Bh7 20.e4 e5 21.Bh3+ Kc7 22.Ba5+ Kb8
23.exd5 exd4 24.dxc6 bxc6 25.Bd7 d3 26.Ra4 Bd8 27.Bd2 Bg5 28.f4 Re2 29.Rxa6 Bf6
30.Rc4 Kc7 31.Ra7+ Kb8  1/2-1/2

[Event "XXIX Open A"]
[Site "Zalakaros HUN"]
[Date "2010.06.03"]
[Round "9"]
[White "Ianov,V"]
[Black "Szabo,Ben"]
[Result "1/2-1/2"]
[WhiteElo "2375"]
[BlackElo "2316"]

1.g3 d5 2.Nf3 Nf6 3.Bg2 c6 4.O-O Bg4 5.d3 Nbd7 6.h3 Bh5 7.Nbd2 e5 8.e4 Bd6
9.Qe1 O-O 10.Nh4 Re8 11.Nb3 dxe4 12.dxe4 Nc5 13.Na5 Qc7 14.Nc4 Bf8 15.a4 Ne6
16.c3 Rad8 17.Be3 b6 18.b4 Rb8 19.Qd2 a5 20.bxa5 bxa5 21.Rab1 Nc5 22.Qc2 Nfd7
23.f4 f6 24.fxe5 fxe5 25.Nf3 Bg6 26.Nfd2 Nf6 27.Kh2 Bf7 28.Bg1 Ncd7 29.Ne3 Red8
30.Nf5 Kh8 31.Be3 Rxb1 32.Rxb1 Rb8 33.Rxb8 Qxb8 34.Bf1 Bc5 35.Bc4 Bxe3 36.Nxe3 Qb6
37.Ndf1 Bg6 38.Bd3 Nc5 39.Nc4 Qd8 40.Nxe5 Nxd3 41.Qxd3 Qxd3 42.Nxd3  1/2-1/2

[Event "Mitropa Cup"]
[Site "Chur SUI"]
[Date "2010.06.04"]
[Round "7"]
[White "Fargere,Fr"]
[Black "Caruana,F"]
[Result "0-1"]
[WhiteElo "2489"]
[BlackElo "2675"]

1.Nf3 d5 2.g3 Bg4 3.Bg2 c6 4.O-O e6 5.d4 Nd7 6.Nbd2 Ngf6 7.Re1 Be7 8.e4 O-O
9.c3 Rc8 10.Qb3 Qc7 11.c4 Rfd8 12.e5 Ne8 13.Nf1 dxc4 14.Qxc4 Nb6 15.Qc3 Qd7
16.Be3 Nc7 17.N1d2 Ncd5 18.Qb3 Nxe3 19.Qxe3 Bh5 20.Nb3 Nd5 21.Qe2 Qc7 22.a3 Qb6
23.Qc4 Nc7 24.h3 a5 25.g4 Bg6 26.Bf1 Nd5 27.Rac1 Ra8 28.a4 Bb4 29.Red1 Qc7
30.Nh4 Qe7 31.Nf3 Nb6 32.Qe2 Nxa4 33.Ra1 Nb6 34.Rdc1 Rd5 35.Bg2 Rad8 36.Qe3 h6
37.Ne1 a4 38.Nc5 Rxd4 39.Nxa4 Bd2  0-1

[Event "Mitropa Cup"]
[Site "Chur SUI"]
[Date "2010.06.04"]
[Round "7"]
[White "Jenni,F"]
[Black "Simacek,P"]
[Result "1/2-1/2"]
[WhiteElo "2520"]
[BlackElo "2518"]

1.Nf3 d5 2.g3 Bg4 3.Bg2 Nd7 4.O-O Ngf6 5.d4 Bxf3 6.Bxf3 c6 7.Nd2 e5 8.dxe5 Nxe5
9.Bg2 Bc5 10.Nf3 Nxf3+ 11.Bxf3 O-O 12.c4 Qb6 13.cxd5 cxd5 14.Qb3 Qxb3 15.axb3 Ne4
16.Kg2 Rfd8 17.Bf4 Rac8 18.Rac1 Kf8 19.Rfd1 Ke7 20.b4 Bxb4 21.Rxc8 Rxc8 22.Rxd5 Nd6
23.Re5+ Kf8 24.Re3 a5 25.Rd3 Ke7 26.Rd5 Rc2 27.Be5 g6 28.b3 b6 29.g4 Ke6
30.Bf4 f6 31.h4 Rc3 32.Rd1 Ke7 33.Bd5 b5 34.Bd2 Rc2 35.Bxb4 axb4 36.Kf3 Nf7
37.e3 h5 38.gxh5 gxh5 39.Bxf7 Kxf7 40.Rd4 Rc5 41.Rxb4 Ke6 42.Re4+ Kf5 43.Rd4 Ke5
44.Kg3 Rc3 45.Rb4 Rc5 46.Kf3 f5 47.Ke2 Rd5 48.f3 Ke6 49.e4 Rc5 50.Kd3 fxe4+
51.Rxe4+ Kd5 52.Rf4 Ke5 53.Rb4 Rd5+ 54.Kc3 Rc5+ 55.Kb2 Rd5 56.Re4+ Kf5 57.Kc3 Rd1
58.Rb4 Rd5 59.Kc2 Rc5+ 60.Kb2 Re5 61.Rd4 Re3 62.Rd5+ Re5 63.Rd4 Re3 64.Rb4 Re5
65.Kc2 Rc5+ 66.Kd3 Rd5+ 67.Ke3 Ke5 68.Re4+ Kf5 69.Re8 Rd1 70.Rb8 Re1+ 71.Kd3 Rd1+
72.Ke3 Re1+ 73.Kf2 Re5 74.Kg3 Rd5 75.Rh8 Kg6 76.Re8 Rd3 77.b4 Rb3 78.Re6+ Kf5
79.Rh6 Rxb4 80.Rxh5+ Kf6 81.Rc5 Rb1 82.Kg4 Rg1+ 83.Kf4 Rh1 84.Rc6+ Kg7 85.Kg5 Rg1+
86.Kf5 Rh1 87.Rc7+ Kh6 88.f4 Rxh4 89.Rb7 Rh1 90.Kf6 Ra1 91.f5 b4 92.Kf7 b3
93.f6 b2 94.Rxb2 Ra7+  1/2-1/2

[Event "1st Open"]
[Site "Di Roseto ITA"]
[Date "2010.06.04"]
[Round "1"]
[White "Maksimovic,Mio"]
[Black "Rombaldoni,Ax"]
[Result "0-1"]
[WhiteElo "2096"]
[BlackElo "2436"]

1.Nf3 d5 2.g3 c5 3.Bg2 Nc6 4.d4 Nf6 5.O-O cxd4 6.Nxd4 e5 7.Nxc6 bxc6 8.c4 Be6
9.Qa4 Qd7 10.Nc3 Rc8 11.Rd1 d4 12.f4 exf4 13.Bxf4 Bc5 14.b4 Bd6 15.b5 Bxf4
16.gxf4 Bh3 17.Bf3 Qe6 18.Nd5 cxd5 19.b6+ Nd7 20.b7 Rb8 21.c5 O-O 22.c6 Nc5
23.Qb5 Ne4 24.Rf1 Nc3 25.Qc5 Nxe2+ 26.Kh1 Bxf1 27.Rxf1 Nxf4 28.Rb1 Rfe8 29.Qc1 Nd3
30.Qc2 Ne1 31.Rxe1 Qxe1+ 32.Kg2 d3 33.Qxd3 Qe5 34.Bxd5 Red8  0-1

[Event "Copper State Int B"]
[Site "Mesa USA"]
[Date "2010.06.04"]
[Round "1"]
[White "Panchanathan,M"]
[Black "Haskel,J"]
[Result "1-0"]
[WhiteElo "2549"]
[BlackElo "2241"]

1.Nf3 d5 2.g3 Nf6 3.Bg2 c6 4.O-O Bf5 5.d3 e6 6.Nbd2 Nbd7 7.a4 Be7 8.a5 Qc7
9.Re1 O-O 10.e4 dxe4 11.dxe4 Bg6 12.Qe2 Rad8 13.Nh4 Bh5 14.Bf3 Bxf3 15.Nhxf3 e5
16.Nc4 b5 17.axb6 axb6 18.Bg5 b5 19.Ne3 g6 20.Ng4 Rde8 21.Nxf6+ Bxf6 22.Bxf6 Nxf6
23.Qe3 Ra8 24.Rxa8 Rxa8 25.Qg5 Nd7 26.Qe7 Ra7 27.Rd1 Kg7 28.h4 h5 29.Rd6 Nf8
30.Qxe5+ Kg8 31.Kg2 Ra8 32.Rxg6+  1-0

[Event "3rd Mayor's Cup"]
[Site "Mumbai IND"]
[Date "2010.06.06"]
[Round "6"]
[White "Harutjunyan,G"]
[Black "Tirto"]
[Result "1-0"]
[WhiteElo "2460"]
[BlackElo "2358"]

1.Nf3 d5 2.g3 Nf6 3.Bg2 c5 4.O-O g6 5.c3 Bg7 6.d4 cxd4 7.cxd4 O-O 8.Nc3 Ne4
9.Ne5 Nxc3 10.bxc3 Nc6 11.f4 Be6 12.Nxc6 bxc6 13.Qa4 Qd7 14.Ba3 Rfb8 15.e3 Rb5
16.Rfb1 Bf5 17.Rxb5 cxb5 18.Qa6 Bd3 19.Bc5 h5 20.Bf1 Bxf1 21.Rxf1 h4 22.Kg2 h3+
23.Kf2 Kh7 24.Re1 g5 25.Re2 g4 26.Ke1 Rc8 27.Kd2 Rc7 28.Kc1 e6 29.Rb2 Kg6
30.Kd2 Qd8 31.Rxb5 Bf8 32.Kc2 Bxc5 33.Rxc5 Rd7 34.Rc8 Qf6 35.Rg8+ Kh7 36.Rg5 Kh6
37.Qe2 Qxg5 38.fxg5+ Kxg5 39.e4 f6 40.Qe3+ Kg6 41.exd5 exd5 42.Qe6  1-0

[Event "9th TCh-BIH Premier"]
[Site "Bihac BIH"]
[Date "2010.06.07"]
[Round "3"]
[White "Komic,I"]
[Black "Galic,I2"]
[Result "1/2-1/2"]
[WhiteElo "2234"]
[BlackElo "2388"]

1.Nf3 d5 2.g3 c6 3.Bg2 Nf6 4.d3 Bg4 5.Nbd2 Nbd7 6.h3 Bh5 7.O-O e5 8.e4 dxe4
9.dxe4 Bc5 10.b3 O-O 11.Bb2 Qc7 12.g4 Bg6 13.Nh4 Rfe8 14.Nf5 Nf8 15.Nc4 N6d7
16.Qf3 Nb6 17.Nce3 Ne6 18.Rfd1 f6 19.h4 Bf8 20.Bf1 Bf7 21.a4 Rad8 22.Rxd8 Rxd8
23.Rd1 Nd7 24.Ng3 a6 25.Nef5 b5 26.axb5 axb5 27.c3 Ndc5 28.Rxd8 Qxd8 29.b4 Na4
30.Bc1 Nb6 31.Be2 Qa8 32.Nf1 Qa1 33.Bd2 Qa8 34.N1g3 Qd8 35.Nf1 Nc8 36.Qd3 Nd6
37.Nxd6 Bxd6 38.Be3 Qc7 39.Qd2 Bf8 40.Ng3 Nd8 41.Bf1 Nb7 42.Nf5 Nd6 43.Nxd6 Bxd6
44.Be2 Bf8 45.h5 Be6 46.f3  1/2-1/2

[Event "3rd Mayor's Cup"]
[Site "Mumbai IND"]
[Date "2010.06.07"]
[Round "8"]
[White "Harutjunyan,G"]
[Black "Saravana,Kr"]
[Result "1-0"]
[WhiteElo "2460"]
[BlackElo "2324"]

1.Nf3 d5 2.g3 Nc6 3.d4 Bg4 4.Bg2 Qd7 5.h3 Bxf3 6.Bxf3 O-O-O 7.Bg2 h5 8.h4 Kb8
9.a4 e5 10.dxe5 Nxe5 11.Nd2 Nf6 12.Nb3 Neg4 13.O-O Bd6 14.Bg5 Rhe8 15.e3 c6
16.a5 Rc8 17.c4 dxc4 18.Nd2 Bxg3 19.fxg3 Nxe3 20.Bf4+ Ka8 21.Bxe3 Rxe3 22.Nxc4 Qxd1
23.Rfxd1 Rxg3 24.Nd6 Rf8 25.a6 bxa6 26.Rxa6 Rd8 27.Rxc6 Ne4 28.Rd4 f5 29.Nxf5 Rxd4
30.Nxg3  1-0

[Event "Copper State Int B"]
[Site "Mesa USA"]
[Date "2010.06.09"]
[Round "9"]
[White "Panchanathan,M"]
[Black "Holt,C"]
[Result "1/2-1/2"]
[WhiteElo "2549"]
[BlackElo "2375"]

1.Nf3 d5 2.g3 Bg4 3.Bg2 Nd7 4.d4 e6 5.O-O Ngf6 6.Nbd2 Be7 7.Re1 O-O 8.e4 dxe4
9.Nxe4 Nxe4 10.Rxe4 Bh5 11.c3 c6 12.Qb3 Qb6 13.Nd2 Bg6 14.Re1 Qa6 15.Bf1 b5
16.a4 Nb6 17.Nf3 Bf6 18.Ne5 Bxe5 19.Rxe5 Nxa4 20.h4 f6 21.Re1 Bf7 22.Bh3 Rfe8
23.Qa3 Qb7 24.Bf4 a5 25.Re2 Nb6 26.Rae1 Nd5 27.Bd6 b4 28.cxb4 axb4 29.Qf3 Rad8
30.Bc5 Nc7 31.Bg2 Nd5 32.Bh3 Nc7  1/2-1/2

[Event "45th Capablanca Mem Open"]
[Site "Havana CUB"]
[Date "2010.06.10"]
[Round "1"]
[White "Ramon Pita,V"]
[Black "Borges Mateos,J"]
[Result "1/2-1/2"]
[WhiteElo "2267"]
[BlackElo "2468"]

1.Nf3 d5 2.g3 c6 3.Bg2 Bg4 4.O-O Nd7 5.b3 e6 6.Bb2 Ngf6 7.c4 Bc5 8.a3 a5
9.d4 Bd6 10.Ne5 Bf5  1/2-1/2

[Event "3rd Mayor's Cup"]
[Site "Mumbai IND"]
[Date "2010.06.10"]
[Round "11"]
[White "Palit,S"]
[Black "Kunte,A"]
[Result "0-1"]
[WhiteElo "2385"]
[BlackElo "2523"]

1.Nf3 d5 2.g3 g6 3.Bg2 Bg7 4.d4 c6 5.O-O Nf6 6.Nbd2 O-O 7.b3 a5 8.a4 Bf5
9.Bb2 Qc8 10.Re1 Na6 11.Ne5 Rd8 12.f3 c5 13.g4 Be6 14.e3 Nd7 15.Nxd7 Qxd7
16.c3 Bh6 17.h4 cxd4 18.exd4 Bf4 19.Nf1 Rac8 20.Qd3 Rc6 21.Re2 Qc7 22.Rae1 Rc8
23.h5 Qd7 24.hxg6 hxg6 25.Qb5 Nc7 26.Qd3 Ne8 27.Ne3 Nf6 28.Nd1 Kg7 29.Nf2 Qc7
30.Nh3 Bh2+ 31.Kf1 Bg3 32.Ra1 Nxg4 33.fxg4 Bxg4 34.Re3 Rf6+ 35.Kg1 Bh2+ 36.Kh1 Rh8
37.Ba3 Bf4 38.Bxe7 Rf5 39.Rf1 Bxe3 40.Rxf5 Qxe7 41.Re5 Bxh3 42.Qxe3 Bxg2+
43.Kxg2 Qh4 44.Rg5 Qh1+  0-1

[Event "National Open"]
[Site "Las Vegas USA"]
[Date "2010.06.11"]
[Round "1"]
[White "Foisor,C"]
[Black "Gutman,J"]
[Result "1-0"]
[WhiteElo "2401"]
[BlackElo "2135"]

1.Nf3 d5 2.g3 c6 3.Bg2 Bg4 4.d3 Nd7 5.Nbd2 e5 6.O-O Ngf6 7.h3 Bxf3 8.Nxf3 Qc7
9.Qe1 Bd6 10.e4 O-O 11.Nh4 Rfe8 12.Nf5 Bf8 13.Qe2 dxe4 14.dxe4 g6 15.Nh6+ Kg7
16.h4 Nc5 17.c3 Rad8 18.Bg5 Be7 19.b4 Ne6 20.Be3 Ng8 21.Nxg8 Kxg8 22.h5 c5
23.b5 c4 24.Rfd1 Rd3 25.hxg6 hxg6 26.Rxd3 cxd3 27.Qxd3 Rd8 28.Qf1 Ba3 29.Bh3 Nc5
30.Qc4 b6 31.Bg4 Qb7 32.Bg5 Rd6 33.Re1 Kg7 34.Bf3 Qd7 35.Kg2 Qe6 36.Qxe6 Nxe6
37.Be7  1-0

[Event "National Open"]
[Site "Las Vegas USA"]
[Date "2010.06.11"]
[Round "2"]
[White "Helfst,Matt"]
[Black "Simms,G"]
[Result "0-1"]
[WhiteElo "1884"]
[BlackElo "2141"]

1.Nf3 d5 2.g3 Nf6 3.Bg2 c6 4.O-O e6 5.d4 Bd6 6.c4 O-O 7.Qd3 dxc4 8.Qxc4 Nbd7
9.Nc3 e5 10.Rd1 exd4 11.Nxd4 Ne5 12.Qb3 Ne8 13.Bf4 Qe7 14.Ne4 Kh8 15.Rac1 Bc7
16.Bg5 f6 17.Bd2 a5 18.Nc5 Nd6 19.Nce6 a4 20.Qe3 Ng4 21.Qf3 Bxe6  0-1

[Event "45th Capablanca Mem Open"]
[Site "Havana CUB"]
[Date "2010.06.12"]
[Round "3"]
[White "Llorente,J"]
[Black "Ubaldo Suarez,M"]
[Result "1/2-1/2"]
[WhiteElo "2295"]
[BlackElo "2041"]

1.Nf3 d5 2.g3 c5 3.Bg2 Nf6 4.O-O Nc6 5.d3 h6 6.Nbd2 e5 7.e4 dxe4 8.dxe4 Be6
9.c3 Be7 10.Qc2 O-O 11.Rd1 Qc7 12.Nf1 Rfd8 13.Bd2 c4 14.Be3 Ng4 15.h3 Nf6
16.Nh4 Nd7 17.Nf5 Bf8 18.Qe2 Kh7 19.Nd2 b5 20.a4 a6 21.Ra2 Nc5 22.Bxc5 Bxc5
23.Rda1 Rab8 24.axb5 axb5 25.Nf1 Rd3 26.N5e3 Ne7 27.Re1 f6 28.Kh2 Rbd8 29.h4 Qd7
30.Kg1 b4 31.cxb4 Bxb4 32.Rea1 Nc6 33.Qc2 c3 34.Nd5 Rd2 35.Nxd2 cxd2 36.Rd1 Bg4
37.Rxd2 Bxd2 38.Qxd2 Nd4 39.Qd3 Qc6 40.Ra1 Rb8 41.f3 Be6 42.b4 Kh8 43.f4 Bxd5
44.exd5 Qd6 45.fxe5 fxe5 46.Rb1 Rxb4 47.Rxb4 Qxb4 48.Qg6 Qe1+ 49.Kh2 Qf2
50.Qh5 Kh7 51.Kh3 Nf5 52.Qf3 Qxf3 53.Bxf3 Nd6 54.g4 Kg6 55.Kg3 Kf6 56.Bd1 Ke7
57.Bc2 Nb5 58.g5 hxg5 59.hxg5 Kd6 60.Kg4 Kxd5 61.Kh5 Nd4 62.Bd1 e4 63.Kg6 Ne6
64.Kf5 e3 65.Kg6 Ke4 66.Kf7 Nxg5+ 67.Kxg7 Nf3 68.Kh6 Nh4 69.Kh5 Ng2 70.Kg4 Kd3
71.Kg3 Kd2 72.Bh5 Ne1 73.Kh2 Nd3 74.Kg1 Ke1 75.Bf3 Nf4 76.Bg4  1/2-1/2